American backed coups d'Etats - Statistics

General Stats
  • This quiz has been taken 22 times
  • The average score is 16 of 23
Answer Stats
Hint Answer % Correct
1906-09 Cuba
94%
1952-53 Iran
94%
1976 Argentina
89%
1973 Chile
89%
1909-10; 1912-33 Nicaragua
89%
1971 Bolivia
83%
1915-34 Haiti
83%
1963 Iraq
83%
1964 Brazil
78%
1903-1925 Honduras
78%
1989 Panama
78%
1916-24; 1961 Dominican Republic
72%
1952 Egypt
72%
1954 Guatemala
72%
1899-1902 Philippines
61%
1948 Costa Rica
56%
1963 South Vietnam
50%
1970 Cambodia
44%
1893 Hawaii
44%
1960 Democratic Republic of Congo
39%
1974 Ethiopia
39%
1960 Laos
33%
1965-67 Indonesia
28%
No matching quizzes found
Score Distribution
Percent of People with Each Score
Percentile by Number Answered
Your Score History
You have not taken this quiz